000 00354 a2200169 4500
001 186574
020 _a
040 _cMagnum
100 _aFerreira, Afonso Elita
240 1 0 _aO berimbau encantado
_lpor
245 1 0 _aO berimbau encantado
300 _a16
362 0 _a1993
440 1 _aBagaço
697 _aLITERATURA INFANTIL
942 _cBK
999 _c186574
_d186574